[Event "SVK-chT2C 1213"]
[Site "Slovakia"]
[Date "2013.03.16"]
[Round "10.8"]
[White "Klaska, Bohuslav"]
[Black "Murin, Jan"]
[Result "0-1"]
[WhiteElo "1899"]
[BlackElo "1922"]
[PlyCount "92"]
[EventDate "2012.10.13"]
[EventType "team-tourn"]
[EventRounds "11"]
[EventCountry "SVK"]
[SourceTitle "EXT 2015"]
[Source "ChessBase"]
[SourceDate "2014.11.20"]
[SourceVersion "1"]
[SourceVersionDate "2014.11.20"]
[SourceQuality "1"]
[WhiteTeam "Zvolen Slavia"]
[BlackTeam "Liptov Chess School II"]
[WhiteTeamCountry "SVK"]
[BlackTeamCountry "SVK"]

1. c4 Nf6 2. g3 e6 3. Bg2 d5 4. cxd5 exd5 5. d4 c5 6. Nf3 Nc6 7. 0-0 Be7 8. Nc3 c4 9. Qc2 0-0 10. Bf4 Re8 11. Nb5 Nb4 12. Qd1 Na6 13. b3 Bd7 14. bxc4 dxc4 15. Rb1 Bc6 16. Ne5 Bxg2 17. Kxg2 Qd5+ 18. Kg1 Rad8 19. e3 Ne4 20. f3 Nd6 21. e4 Qe6 22. d5 Qc8 23. Qd2 Nxb5 24. Rxb5 c3 25. Qf2 Bd6 26. Nd3 Qc4 27. Rxb7 Qxd3 28. Bxd6 Rxd6 29. Qxa7 c2 30. Rxf7 Qxf1+ 31. Kxf1 c1Q+ 32. Kg2 Qb2+ 33. Kh3 Rh6+ 34. Kg4 Rg6+ 35. Kh3 Qxa2 36. Qd7 Rb8 37. Re7 h6 38. Qf5 Qa3 39. Rd7 Rf6 40. Qg4 Qf8 41. e5 Rf7 42. Rd6 Nc5 43. Rxh6 Rxf3 44. Rh5 Re3 45. Qg6 Qf1+ 46. Kh4 Re4+ 0-1

[Event "SVK-chT2C 1112"]
[Site "Slovakia"]
[Date "2011.10.09"]
[Round "2.6"]
[White "Murin, Jan"]
[Black "Staffen, Richard"]
[Result "1-0"]
[WhiteElo "1939"]
[BlackElo "1899"]
[PlyCount "73"]
[EventDate "2011.10.08"]
[EventType "team-tourn"]
[EventRounds "11"]
[EventCountry "SVK"]
[SourceTitle "EXT 2013"]
[Source "ChessBase"]
[SourceDate "2012.11.22"]
[SourceVersion "1"]
[SourceVersionDate "2012.11.22"]
[SourceQuality "1"]
[WhiteTeam "Podpolanie Hrinova"]
[BlackTeam "Zilina Mladost II"]
[WhiteTeamCountry "SVK"]
[BlackTeamCountry "SVK"]

1. d4 d5 2. c4 e6 3. Nc3 Nf6 4. Nf3 dxc4 5. Qa4+ Nbd7 6. Qxc4 b6 7. Bf4 c5 8. d5 exd5 9. Nxd5 Nxd5 10. Qxd5 Ba6 11. Ng5 Ne5 12. Qxe5+ Qe7 13. Qxe7+ Bxe7 14. e3 Bb7 15. Bb5+ Kf8 16. 0-0 h6 17. Nf3 g5 18. Bg3 h5 19. Be5 f6 20. Bc3 h4 21. Rad1 h3 22. Ne1 a6 23. Be2 hxg2 24. Nxg2 Kf7 25. Bg4 Rh7 26. f3 b5 27. Be1 Bc6 28. Bg3 Kg6 29. e4 Kf7 30. Ne3 c4 31. Nf5 Bc5+ 32. Kg2 a5 33. Bf2 Bf8 34. Nd4 Be8 35. Be6+ Ke7 36. Bd5 Rd8 37. Nf5+ 1-0

[Event "SVK-chT2C 10/11"]
[Site "Slovakia"]
[Date "2010.12.05"]
[Round "4.6"]
[White "Murin, Jan"]
[Black "Pechac, Jergus"]
[Result "1/2-1/2"]
[WhiteElo "1944"]
[BlackElo "1885"]
[PlyCount "108"]
[EventDate "2010.10.23"]
[EventType "team-tourn"]
[EventRounds "11"]
[EventCountry "SVK"]
[SourceTitle "EXT 2019"]
[Source "ChessBase"]
[SourceDate "2018.10.10"]
[SourceVersion "1"]
[SourceVersionDate "2018.10.10"]
[SourceQuality "1"]
[WhiteTeam "Podpolanie"]
[BlackTeam "Zilina Mladost II"]
[WhiteTeamCountry "SVK"]
[BlackTeamCountry "SVK"]

1. d4 Nf6 2. c4 g6 3. Nc3 Bg7 4. e4 d6 5. Be2 0-0 6. Be3 e5 7. d5 Na6 8. h3 Nc5 9. Qc2 a5 10. a3 Ne8 11. g4 f5 12. 0-0-0 f4 13. Bxc5 dxc5 14. Nf3 Nd6 15. Rdg1 g5 16. h4 h6 17. hxg5 hxg5 18. Rh5 Bf6 19. Nd2 Bd7 20. Rgh1 Be8 21. R5h3 Bg7 22. Qd1 Bg6 23. f3 Kf7 24. Qg1 b6 25. Qh2 Rh8 26. Rxh8 Qxh8 27. Qg2 Qf8 28. Nb5 Nxb5 29. cxb5 Qd8 30. a4 Qe7 31. Bc4 Qd6 32. Bb3 Kf8 33. Nc4 Qd8 34. Rd1 Bf7 35. Qh2 Qf6 36. Qh7 Rd8 37. Qh2 Ke7 38. Qg2 Kd7 39. d6 Kc8 40. dxc7 Kxc7 41. Rxd8 Qxd8 42. Qd2 Bxc4 43. Bxc4 Qd4 44. Qxd4 cxd4 45. Kc2 Bf8 46. b3 Kd6 47. Kd3 Kc5 48. Bg8 Kb4 49. Bf7 Bc5 50. Bg8 Ka3 51. Kc2 d3+ 52. Kxd3 Kb2 53. Ke2 Kc2 54. Bf7 Bd4 1/2-1/2

[Event "SVK-chT2C 0708"]
[Site "Slovakia"]
[Date "2008.01.12"]
[Round "7.3"]
[White "Murin, Jan"]
[Black "Vartiak, Stanislav"]
[Result "1-0"]
[WhiteElo "1997"]
[BlackElo "1888"]
[PlyCount "69"]
[EventDate "2007.10.06"]
[EventType "team-tourn"]
[EventRounds "11"]
[EventCountry "SVK"]
[SourceTitle "EXT 2010"]
[Source "ChessBase"]
[SourceDate "2010.11.25"]
[SourceVersion "1"]
[SourceVersionDate "2010.11.25"]
[SourceQuality "1"]
[WhiteTeam "Liptov SK III"]
[BlackTeam "Martin Medea"]
[WhiteTeamCountry "SVK"]
[BlackTeamCountry "SVK"]

1. e4 c5 2. Nf3 e6 3. d4 cxd4 4. Nxd4 a6 5. Nc3 Nc6 6. Be2 Qc7 7. Be3 Bb4 8. Qd2 Nf6 9. f3 d5 10. Nxc6 bxc6 11. Bg5 Qe5 12. Bxf6 Qxf6 13. 0-0-0 Bxc3 14. Qxc3 Qxc3 15. bxc3 0-0 16. c4 Bb7 17. c5 f5 18. e5 a5 19. Kd2 Ba6 20. Rb1 Bxe2 21. Kxe2 Rfb8 22. Rb6 Rxb6 23. cxb6 Rb8 24. Rb1 Rb7 25. Kd3 Kf7 26. Kd4 Ke7 27. Kc5 Kd7 28. Rb3 Rb8 29. Ra3 Ra8 30. b7 Rb8 31. Kb6 c5 32. Rxa5 c4 33. Ra8 Rxb7+ 34. Kxb7 d4 35. Ra4 1-0

[Event "SVK-chT2C 0708"]
[Site "Slovakia"]
[Date "2007.11.03"]
[Round "3.5"]
[White "Murin, Jan"]
[Black "Kopera, Michal"]
[Result "0-1"]
[WhiteElo "1997"]
[BlackElo "2166"]
[PlyCount "64"]
[EventDate "2007.10.06"]
[EventType "team-tourn"]
[EventRounds "11"]
[EventCountry "SVK"]
[SourceTitle "EXT 2010"]
[Source "ChessBase"]
[SourceDate "2010.11.25"]
[SourceVersion "1"]
[SourceVersionDate "2010.11.25"]
[SourceQuality "1"]
[WhiteTeam "Liptov SK III"]
[BlackTeam "Zilina Mladost II"]
[WhiteTeamCountry "SVK"]
[BlackTeamCountry "SVK"]

1. e4 e5 2. Nf3 Nc6 3. Bb5 a6 4. Ba4 Nf6 5. 0-0 Be7 6. Re1 b5 7. Bb3 d6 8. c3 0-0 9. d4 Bg4 10. d5 Na5 11. Bc2 c5 12. dxc6 Nxc6 13. Nbd2 Qc7 14. Nf1 Rfd8 15. Ne3 Bh5 16. Nd5 Nxd5 17. exd5 Nb8 18. a4 Nd7 19. h3 Bg6 20. Bxg6 hxg6 21. axb5 axb5 22. Rxa8 Rxa8 23. Bg5 Bxg5 24. Nxg5 Nf6 25. Ne4 Nxe4 26. Rxe4 Qc5 27. Qb3 Ra1+ 28. Kh2 Qxf2 29. Qxb5 f5 30. Qe8+ Kh7 31. Ra4 Re1 32. Qd8 f4 0-1

[Event "SVK-chT2C 0607"]
[Site "Slovakia"]
[Date "2006.12.17"]
[Round "6.1"]
[White "Dlabik, Jozef"]
[Black "Murin, Jan"]
[Result "1-0"]
[WhiteElo "2133"]
[BlackElo "2018"]
[PlyCount "103"]
[EventDate "2006.10.14"]
[EventType "team-tourn"]
[EventRounds "11"]
[EventCountry "SVK"]
[SourceTitle "EXT 2008"]
[Source "ChessBase"]
[SourceDate "2007.11.25"]
[SourceVersion "1"]
[SourceVersionDate "2007.11.25"]
[SourceQuality "1"]
[WhiteTeam "Martin MSK"]
[BlackTeam "Liptov SK Vychod"]
[WhiteTeamCountry "SVK"]
[BlackTeamCountry "SVK"]

1. d4 d5 2. Nf3 Nf6 3. c4 e6 4. Bg5 Nbd7 5. Nc3 Be7 6. e3 c6 7. cxd5 cxd5 8. Bd3 0-0 9. 0-0 h6 10. Bh4 b6 11. Qe2 Bb7 12. Rac1 Ne4 13. Bg3 Nxg3 14. hxg3 Nf6 15. Ba6 Qb8 16. Rc2 Bd6 17. Rfc1 Ng4 18. Bxb7 Qxb7 19. Nb5 Qd7 20. Nxd6 Qxd6 21. Qb5 a6 22. Qd3 b5 23. Rc5 Nf6 24. a3 Ne4 25. Rc6 Qd8 26. Rc7 Qf6 27. R1c6 Qf5 28. Qe2 Qg4 29. Qc2 Nf6 30. Ne5 Qe4 31. Nd7 Nxd7 32. Qxe4 dxe4 33. Rxd7 Rfc8 34. Rc5 f6 35. b4 Kf8 36. Kf1 g6 37. Ke2 h5 38. Kd2 f5 39. Rh7 Rd8 40. Rcc7 Kg8 41. Rcg7+ Kf8 42. Rxg6 e5 43. Rxh5 exd4 44. Rxf5+ Ke7 45. Rh5 Kf7 46. Rc6 d3 47. f3 Rac8 48. Rxc8 exf3 49. gxf3 Rxc8 50. Kxd3 Kg6 51. Rd5 Rc6 52. e4 1-0

[Event "SVK-chT2C 0607"]
[Site "Slovakia"]
[Date "2006.12.16"]
[Round "5.2"]
[White "Rysian, Jozef"]
[Black "Murin, Jan"]
[Result "0-1"]
[WhiteElo "1687"]
[BlackElo "2018"]
[PlyCount "35"]
[EventDate "2006.10.14"]
[EventType "team-tourn"]
[EventRounds "11"]
[EventCountry "SVK"]
[SourceTitle "EXT 2008"]
[Source "ChessBase"]
[SourceDate "2007.11.25"]
[SourceVersion "1"]
[SourceVersionDate "2007.11.25"]
[SourceQuality "1"]
[WhiteTeam "Podbrezova ZP Sport"]
[BlackTeam "Liptov SK Vychod"]
[WhiteTeamCountry "SVK"]
[BlackTeamCountry "SVK"]

1. e4 e6 2. d4 d5 3. e5 c5 4. c3 Nc6 5. Nf3 Bd7 6. Bd3 cxd4 7. cxd4 Qb6 8. Be2 Nge7 9. a3 Nf5 10. 0-0 Nfxd4 11. Re1 Bc5 12. b4 Nxf3+ 13. Bxf3 Bxf2+ 14. Kf1 Bxe1 15. Qxe1 Rc8 16. Ra2 0-0 17. Rd2 Rc7 18. Rd1 0-1

[Event "SVK-chT2C 0506"]
[Site "Slovakia"]
[Date "2006.02.12"]
[Round "9.7"]
[White "Sustek, Vladimir"]
[Black "Murin, Jan"]
[Result "1-0"]
[WhiteElo "2075"]
[BlackElo "1897"]
[PlyCount "119"]
[EventDate "2005.10.22"]
[EventType "team-tourn"]
[EventRounds "11"]
[EventCountry "SVK"]
[SourceTitle "EXT 2009"]
[Source "ChessBase"]
[SourceDate "2008.11.26"]
[SourceVersion "1"]
[SourceVersionDate "2008.11.26"]
[SourceQuality "1"]

1. d4 d5 2. Nf3 Nf6 3. Bg5 Nbd7 4. e3 c6 5. Bd3 Qb6 6. Qc1 g6 7. 0-0 Bg7 8. Nbd2 0-0 9. c4 c5 10. cxd5 cxd4 11. Nc4 Qc5 12. e4 e5 13. Qe1 Re8 14. b4 Qf8 15. a4 b6 16. Na3 a6 17. Nc4 Bb7 18. Bc1 Nh5 19. Ba3 f5 20. Ng5 Qf6 21. Ne6 Nf4 22. Nxg7 Kxg7 23. Bb1 Qg5 24. g3 Nf6 25. Nd6 N6xd5 26. Nxb7 Qh5 27. f3 Nh3+ 28. Kh1 Ne3 29. Bd3 Rec8 30. Bb2 f4 31. g4 Qh6 32. Qe2 Rc7 33. Nd6 Rc6 34. Nc4 Rac8 35. Rfc1 Qh4 36. Nxe3 Nf2+ 37. Kg1 Rxc1+ 38. Rxc1 Rxc1+ 39. Bxc1 fxe3 40. Bxa6 Nh3+ 41. Kh1 Nf4 42. Qf1 Qd8 43. Qe1 Qc7 44. a5 Qc2 45. Bf1 bxa5 46. bxa5 Nd3 47. Bxd3 Qxd3 48. Kg2 Qb5 49. Kg3 Kf7 50. h4 Ke6 51. g5 e2 52. Bd2 d3 53. Qc1 Kd7 54. Qc3 Qb1 55. Be1 Qb5 56. a6 Qxa6 57. Qxe5 Qa3 58. Qb5+ Ke6 59. Bb4 Qa7 60. Qe8+ 1-0

[Event "SVK-chT2C 0506"]
[Site "Slovakia"]
[Date "2006.02.11"]
[Round "8.7"]
[White "Murin, Jan"]
[Black "Bakalar, Jan"]
[Result "1/2-1/2"]
[WhiteElo "1897"]
[BlackElo "2099"]
[PlyCount "82"]
[EventDate "2005.10.22"]
[EventType "team-tourn"]
[EventRounds "11"]
[EventCountry "SVK"]
[SourceTitle "EXT 2009"]
[Source "ChessBase"]
[SourceDate "2008.11.26"]
[SourceVersion "1"]
[SourceVersionDate "2008.11.26"]
[SourceQuality "1"]

1. e4 c5 2. Nf3 d6 3. d4 cxd4 4. Nxd4 Nf6 5. Nc3 a6 6. Bd3 e5 7. Nb3 Be7 8. Nd5 Nxd5 9. exd5 Bg5 10. Bxg5 Qxg5 11. 0-0 f5 12. f4 Qf6 13. fxe5 dxe5 14. c4 0-0 15. Qc2 a5 16. Rae1 Na6 17. a3 a4 18. Nd2 Qb6+ 19. Kh1 e4 20. Bxe4 fxe4 21. Rxf8+ Kxf8 22. Qxe4 Bd7 23. Qe7+ Kg8 24. Qxd7 h6 25. d6 Qxb2 26. Re8+ Rxe8 27. Qxe8+ Kh7 28. Qe4+ Kh8 29. Nf3 Nc5 30. Qe8+ Kh7 31. d7 Nxd7 32. Qxd7 Qxa3 33. Qd1 Qa2 34. Ne5 a3 35. Qd3+ Kg8 36. Qd5+ Kh7 37. Qe4+ Kg8 38. h3 Qb2 39. Nd7 a2 40. Qe8+ Kh7 41. Nf8+ Kg8 1/2-1/2